[Event "ch-RUS Blitz 2017"]
[Site "Sochi RUS"]
[Date "2017.10.02"]
[Round "12.18"]
[White "Tsoi, Dmitry"]
[Black "Hasangatin, Ramil"]
[Result "1/2-1/2"]
[WhiteTitle "FM"]
[BlackTitle "GM"]
[WhiteElo "2361"]
[BlackElo "2496"]
[WhiteFideId "24194697"]
[BlackFideId "4122160"]
[EventDate "2017.10.02"]
[EventType "blitz"]

1. e4 Nf6 2. Nc3 Nc6 3. Nf3 d5 4. e5 Nd7 5. e6 fxe6 6. d4 e5 7. Nxd5 Nf6 8.
Nxf6+ exf6 9. d5 Nb4 10. Bc4 c6 11. dxc6 Qxd1+ 12. Kxd1 Nxc6 13. Be3 Bf5 14. c3
O-O-O+ 15. Ke2 Na5 16. Bb3 Bd3+ 17. Ke1 Nxb3 18. axb3 a6 19. Nd2 Be7 20. f3 Rd7
21. Nc4 Bxc4 22. bxc4 1/2-1/2

[Event "ch-RUS Blitz 2017"]
[Site "Sochi RUS"]
[Date "2017.10.02"]
[Round "12.19"]
[White "Zakaryan, David"]
[Black "Rozum, Ivan"]
[Result "0-1"]
[WhiteTitle "FM"]
[BlackTitle "GM"]
[WhiteElo "2293"]
[BlackElo "2590"]
[WhiteFideId "24101923"]
[BlackFideId "24104272"]
[EventDate "2017.10.02"]
[EventType "blitz"]

1. e4 d6 2. f4 Nf6 3. Nc3 c6 4. Nf3 g6 5. d4 Bg7 6. Bd3 Bg4 7. O-O Qb6 8. Na4
Qa5 9. c4 e5 10. fxe5 dxe5 11. Bd2 Qc7 12. d5 O-O 13. Rc1 Nbd7 14. Qe1 c5 15. b4
b6 16. h3 Bxf3 17. Rxf3 Ne8 18. bxc5 Nxc5 19. Nxc5 bxc5 20. Ba5 Qd7 21. Qf2 Rc8
22. Bd2 Nd6 23. Be3 f5 24. Bxc5 fxe4 25. Bxd6 Rxf3 26. gxf3 exd3 27. c5 Bh6 28.
Rd1 d2 29. Qg2 Qa4 30. Rxd2 Bxd2 31. Qxd2 e4 32. Qe3 Qd1+ 33. Kg2 Qxd5 34. fxe4
Qxa2+ 35. Kg3 a5 36. e5 a4 37. e6 Qb3 38. Kf4 Qxe3+ 39. Kxe3 a3 40. Be5 0-1

[Event "ch-RUS Blitz 2017"]
[Site "Sochi RUS"]
[Date "2017.10.02"]
[Round "12.20"]
[White "Nechaev, Oleg"]
[Black "Kezin, Roman"]
[Result "0-1"]
[WhiteTitle "FM"]
[BlackTitle "FM"]
[WhiteElo "2410"]
[BlackElo "2455"]
[WhiteFideId "24113409"]
[BlackFideId "24124621"]
[EventDate "2017.10.02"]
[EventType "blitz"]

1. d4 d5 2. Nf3 Nf6 3. Bf4 c5 4. e3 Nc6 5. c3 Qb6 6. Qb3 c4 7. Qxb6 axb6 8. Nbd2
b5 9. Be2 b4 10. O-O Bf5 11. Ne5 e6 12. Bf3 bxc3 13. bxc3 Ba3 14. Nxc6 bxc6 15.
Nxc4 dxc4 16. Bxc6+ Ke7 17. Bxa8 Rxa8 18. f3 Bd3 19. Rf2 Nd5 20. Bg5+ f6 21. e4
Nxc3 22. Be3 Na4 23. Bc1 Bb4 24. Be3 c3 25. a3 Nb2 26. Bc1 Rxa3 27. Rxa3 Bxa3
28. g3 Nc4 29. Bf4 0-1

[Event "ch-RUS Blitz 2017"]
[Site "Sochi RUS"]
[Date "2017.10.02"]
[Round "12.21"]
[White "Moiseenko, Vadim"]
[Black "Savitskiy, Sergey"]
[Result "1-0"]
[WhiteTitle "IM"]
[BlackTitle "IM"]
[WhiteElo "2558"]
[BlackElo "2412"]
[WhiteFideId "4123700"]
[BlackFideId "24105660"]
[EventDate "2017.10.02"]
[EventType "blitz"]

1. d4 Nf6 2. Bf4 g6 3. Nc3 d5 4. Nb5 Na6 5. e3 Bg7 6. Nf3 O-O 7. Be2 c6 8. Nc3
Nc7 9. h3 Nce8 10. O-O Nd6 11. Be5 Bh6 12. Rc1 Nd7 13. Bh2 Re8 14. b3 Bg7 15.
Na4 e5 16. c4 dxc4 17. bxc4 Qe7 18. c5 Nf5 19. d5 cxd5 20. Qxd5 Nb8 21. Nc3 Nc6
22. Qe4 Qxc5 23. Nd5 Qd6 24. Rfd1 Qb8 25. Qb1 Be6 26. Ng5 Bxd5 27. Rxd5 h6 28.
Nxf7 Kxf7 29. Bc4 Kf8 30. g4 Nh4 31. Bg3 Nf3+ 32. Kg2 Ng5 33. Qxg6 Re6 34. Qb1
Qc8 35. h4 Nf7 36. Rcd1 Re7 37. Qe4 a6 38. Qf3 Qc7 39. g5 hxg5 40. hxg5 Ke8 41.
g6 Ng5 42. Qh5 Ne6 43. Rd6 Nf8 44. Bf7+ Rxf7 45. gxf7+ Qxf7 46. Qg4 Rd8 47. Bh4
Rxd6 48. Qc8+ Nd8 49. Qxd8+ 1-0

[Event "ch-RUS Blitz 2017"]
[Site "Sochi RUS"]
[Date "2017.10.02"]
[Round "12.22"]
[White "Gubsky, Egor"]
[Black "Levin, Evgeny A."]
[Result "0-1"]
[WhiteTitle "FM"]
[BlackTitle "GM"]
[WhiteElo "2303"]
[BlackElo "2532"]
[WhiteFideId "4194055"]
[BlackFideId "4182596"]
[EventDate "2017.10.02"]
[EventType "blitz"]

1. d4 Nf6 2. c4 e6 3. Nf3 b6 4. g3 Ba6 5. b3 Bb4+ 6. Bd2 Be7 7. Bg2 Bb7 8. O-O
d5 9. Bf4 O-O 10. Qc2 dxc4 11. bxc4 c5 12. Rd1 cxd4 13. Nxd4 Qc8 14. e4 Nc6 15.
Nb5 e5 16. Bg5 a6 17. Nd6 Bxd6 18. Rxd6 Nd4 19. Qd3 Qc5 20. Rxf6 gxf6 21. Bh6
Rfd8 22. Qd1 Kh8 23. Qg4 Rg8 24. Qh4 Rg6 25. Nc3 Qxc4 26. Nd1 Qe2 27. Ne3 Nf3+
28. Bxf3 Qxf3 29. Nd5 Rd8 30. Rc1 Bxd5 31. exd5 Qxd5 32. Be3 b5 33. Rc7 Kg7 34.
Qb4 Qf3 35. Rc1 Rg4 36. Qb3 Qd5 37. Qa3 Rc4 38. Rf1 Ra4 39. Qc1 Rxa2 40. Bh6+
Kh8 41. Qc7 Qd7 42. Qb6 Qd6 43. Qb7 Qd7 44. Qb6 Qd6 45. Qb7 Qe6 46. Qc7 Rg8 47.
h4 Ra4 48. Rd1 Rc4 49. Qb7 Rxh4 50. Bg7+ Kxg7 51. gxh4 Qg4+ 52. Qg2 Kh6 53. Qxg4
Rxg4+ 0-1

[Event "ch-RUS Blitz 2017"]
[Site "Sochi RUS"]
[Date "2017.10.02"]
[Round "12.23"]
[White "Gogolev, Artem"]
[Black "Yuffa, Daniil"]
[Result "1/2-1/2"]
[BlackTitle "GM"]
[WhiteElo "2408"]
[BlackElo "2527"]
[WhiteFideId "4116615"]
[BlackFideId "24131423"]
[EventDate "2017.10.02"]
[EventType "blitz"]

1. Nf3 Nf6 2. g3 g6 3. b3 Bg7 4. Bb2 O-O 5. Bg2 c5 6. c4 Nc6 7. O-O d6 8. d4 Ne4
9. e3 Bg4 10. Nbd2 Ng5 11. Qc2 Nxf3+ 12. Nxf3 Bxf3 13. Bxf3 cxd4 14. Bxc6 bxc6
15. Bxd4 c5 16. Bxg7 Kxg7 17. Qc3+ Kg8 18. e4 a5 19. e5 a4 20. Rfd1 Qb6 21. exd6
exd6 22. Rab1 axb3 23. axb3 Rfe8 24. Re1 Qc6 25. Qf6 Rab8 26. Rxe8+ Rxe8 27. Qc3
Qe4 28. Rd1 Re6 29. b4 cxb4 30. Qxb4 Qe5 31. Qb5 Qe2 32. Rxd6 Qe1+ 33. Kg2 Qe4+
34. Kg1 Rxd6 35. Qb8+ Kg7 36. Qxd6 Qxc4 37. h4 1/2-1/2

[Event "ch-RUS Blitz 2017"]
[Site "Sochi RUS"]
[Date "2017.10.02"]
[Round "12.24"]
[White "Korchmar, Vasiliy"]
[Black "Murzin, Volodar"]
[Result "0-1"]
[WhiteTitle "IM"]
[BlackTitle "FM"]
[WhiteElo "2399"]
[BlackElo "2280"]
[WhiteFideId "24131750"]
[BlackFideId "44155573"]
[EventDate "2017.10.02"]
[EventType "blitz"]

1. d4 Nf6 2. Nf3 g6 3. Bg5 Bg7 4. Nbd2 d5 5. e3 h6 6. Bh4 O-O 7. Be2 c5 8. c3
Nc6 9. dxc5 a5 10. a4 Bg4 11. O-O Re8 12. h3 Bxf3 13. Bxf3 e6 14. Rb1 Bf8 15. b4
Be7 16. Be2 Nd7 17. Bxe7 Qxe7 18. Nf3 Nde5 19. Nd4 Rec8 20. Nb5 Nd7 21. Qb3 Nf6
22. Rfd1 Ne4 23. Bd3 Nf6 24. Nd6 Rc7 25. Nb5 Rcc8 26. Qc2 Kg7 27. Qb3 h5 28. Be2
Ne4 29. Bf3 Ng5 30. Be2 Ne4 31. Bd3 Nf6 32. Re1 Ne5 33. Bc2 Nc6 34. Nd6 Rc7 35.
Nb5 Rcc8 36. e4 dxe4 37. Bxe4 Nxe4 38. Rxe4 Rd8 39. Rbe1 Rd2 40. R4e2 Rxe2 41.
Rxe2 Qf6 42. Nd6 axb4 43. cxb4 Nd4 44. Qd3 Nxe2+ 45. Qxe2 Qa1+ 46. Kh2 Rxa4 47.
Qf3 f5 48. Qxb7+ Kf6 49. Qf7+ Ke5 50. Qxg6 Kd5 51. Qe8 Qe5+ 52. g3 Ra2 53. Kg2
h4 54. Qb8 Qxg3+ 0-1

[Event "ch-RUS Blitz 2017"]
[Site "Sochi RUS"]
[Date "2017.10.02"]
[Round "12.25"]
[White "Smagin, Sergey"]
[Black "Stambulian, Arsen"]
[Result "1/2-1/2"]
[WhiteTitle "GM"]
[BlackTitle "IM"]
[WhiteElo "2551"]
[BlackElo "2362"]
[WhiteFideId "4100425"]
[BlackFideId "13300296"]
[EventDate "2017.10.02"]
[EventType "blitz"]

1. e4 e5 2. Nc3 Nf6 3. g3 Bc5 4. Bg2 d6 5. Nge2 O-O 6. Na4 Bb4 7. a3 Ba5 8. b4
Bb6 9. O-O c6 10. Nxb6 axb6 11. d4 Nbd7 12. Bb2 Qe7 13. dxe5 Nxe5 14. Qd4 b5 15.
Bc3 Nc4 16. a4 c5 17. Qd3 Bd7 18. axb5 Rxa1 19. Rxa1 Bxb5 20. f3 d5 21. bxc5
dxe4 22. Bxf6 Qxf6 23. Qd4 Ne5 24. f4 Ng4 25. Qxf6 Nxf6 26. Nd4 Bc4 27. Rb1 Bd5
28. c4 Bc6 29. Nf5 Re8 30. Nd6 Re7 31. h3 g6 32. g4 Kg7 33. Re1 Nd7 34. Nc8 Re8
35. Nd6 Re6 36. f5 Re5 37. f6+ Nxf6 38. Kf2 e3+ 39. Kg3 Bxg2 40. Kxg2 Rxc5 41.
Rxe3 Rc6 42. Rd3 b6 43. g5 Nh5 44. Kf3 h6 45. Ne8+ Kf8 46. gxh6 Kg8 47. Rd6 Rxc4
48. Rxb6 Kh7 49. Nf6+ Nxf6 50. Rxf6 Kxh6 51. Rxf7 Rc3+ 52. Kg2 1/2-1/2

[Event "ch-RUS Blitz 2017"]
[Site "Sochi RUS"]
[Date "2017.10.02"]
[Round "12.26"]
[White "Inarkiev, Ernesto"]
[Black "Murtazin, Ruslan"]
[Result "1-0"]
[WhiteTitle "GM"]
[BlackTitle "FM"]
[WhiteElo "2694"]
[BlackElo "2364"]
[WhiteFideId "4162722"]
[BlackFideId "24175960"]
[EventDate "2017.10.02"]
[EventType "blitz"]

1. d4 Nf6 2. c4 c5 3. d5 e6 4. Nc3 exd5 5. cxd5 d6 6. Nf3 g6 7. Bf4 a6 8. a4 Bg7
9. e4 O-O 10. Be2 Bg4 11. O-O Bxf3 12. Bxf3 Qe7 13. Re1 Nbd7 14. Qc2 Ne5 15. Be2
Nfd7 16. Bd2 g5 17. Nd1 Ng6 18. Ne3 Be5 19. Nf5 Qd8 20. g3 Kh8 21. Rf1 Rg8 22.
Kh1 Qf8 23. f4 gxf4 24. gxf4 Bf6 25. Ra3 Rc8 26. Rh3 c4 27. Rff3 Nc5 28. Bc3 Qd8
29. e5 dxe5 30. fxe5 Bg5 31. e6+ Bf6 32. Nh6 fxe6 33. Bxf6+ 1-0

[Event "ch-RUS Blitz 2017"]
[Site "Sochi RUS"]
[Date "2017.10.02"]
[Round "12.27"]
[White "Vastrukhin, Oleg"]
[Black "Sarana, Alexey"]
[Result "1-0"]
[BlackTitle "GM"]
[WhiteElo "2386"]
[BlackElo "2541"]
[WhiteFideId "4192770"]
[BlackFideId "24133795"]
[EventDate "2017.10.02"]
[EventType "blitz"]

1. e4 d6 2. d4 Nf6 3. Nc3 e5 4. Nf3 Nbd7 5. Be3 Be7 6. h3 O-O 7. g4 c6 8. g5 Ne8
9. h4 b5 10. Qd2 b4 11. Ne2 d5 12. Nxe5 Nxe5 13. dxe5 Nc7 14. Bg2 Bg4 15. Nd4
Qd7 16. Nxc6 Qxc6 17. exd5 Qa6 18. d6 Rad8 19. Qd3 Nb5 20. O-O Be6 21. a3 Bxd6
22. axb4 Qc8 23. Qxb5 Bb8 24. Qc6 Bxe5 25. Qxc8 Rxc8 26. c3 a6 27. Rfd1 Rc4 28.
Bd4 Bxd4 29. Rxd4 Rxd4 30. cxd4 Bc4 31. Bf1 Rc8 32. Rc1 Be6 33. Rxc8+ Bxc8 34.
b5 axb5 35. Bxb5 Kf8 36. Kg2 Ke7 37. Kf3 Kd6 38. Bc4 f6 39. gxf6 gxf6 40. Kf4 h6
41. Ke3 Bf5 42. Kd2 Bd7 43. Kc3 Bc6 44. Kb4 Bf3 45. Ka5 f5 46. b4 f4 47. Kb6 Bd1
48. b5 f3 49. Ka7 Be2 50. b6 1-0

[Event "ch-RUS Blitz 2017"]
[Site "Sochi RUS"]
[Date "2017.10.02"]
[Round "12.28"]
[White "Tekeyev, Zaur"]
[Black "Lugovskoy, Maxim"]
[Result "0-1"]
[WhiteTitle "FM"]
[BlackTitle "GM"]
[WhiteElo "2380"]
[BlackElo "2474"]
[WhiteFideId "4199731"]
[BlackFideId "24126454"]
[EventDate "2017.10.02"]
[EventType "blitz"]

1. e4 e6 2. d4 d5 3. Nd2 Nc6 4. Ngf3 Nf6 5. e5 Nd7 6. Be2 Be7 7. Nf1 O-O 8. Ne3
f6 9. exf6 Nxf6 10. O-O Bd6 11. c3 Bd7 12. Bd3 Be8 13. Qc2 Bh5 14. Ng5 Ne4 15.
Nxe4 dxe4 16. Bxe4 h6 17. Nc4 Bf4 18. Bxf4 Rxf4 19. g3 Qg5 20. Bg2 Rf6 21. Rae1
Bg6 22. Qb3 Raf8 23. f4 Qh5 24. Qxb7 Ne7 25. Re5 Bf5 26. Qf3 Qg6 27. Ne3 Bd3 28.
Re1 h5 29. Qxh5 Rb8 30. Qxg6 Nxg6 31. Ra5 Rxb2 32. Rxa7 Ne7 33. Rxc7 Ng6 34. Ra7
Rf8 35. h4 Rc8 36. h5 Nf8 37. h6 gxh6 38. Ng4 Rxc3 39. Nxh6+ Kh8 40. d5 Rcc2 41.
Bf3 exd5 42. Nf7+ Kg8 43. Ng5 Bg6 44. Bxd5+ Kh8 45. Bf3 Rd2 46. a4 Ra2 47. a5
Nd7 48. Rc1 Nc5 49. Rc7 Nd3 50. Rb1 Nb2 51. Rb7 Nc4 52. a6 Rdc2 53. a7 Nd2 54.
Rb8+ Kg7 55. R8b7+ Kf6 56. R7b6+ Kg7 57. Rxg6+ Kxg6 58. Re1 Nxf3+ 59. Nxf3 Rxa7
60. Nh4+ Kh5 61. Ng2 Ra3 62. Re5+ Kg4 63. Rg5+ Kh3 64. Ne1 Rc1 65. Re5 Rxg3+ 66.
Kf2 Ra3 67. f5 Kg4 68. f6 Ra2+ 69. Kf1 Ra6 70. Ke2 Rxf6 71. Nd3 Ra1 72. Re4+ Kg5
73. Re5+ Kg6 74. Re4 Ra2+ 75. Ke3 Rd6 76. Nf4+ Kf5 77. Nd3 Ra3 78. Rd4 Rh6 79.
Rd5+ Ke6 80. Re5+ Kd6 81. Re4 Rh3+ 82. Kf4 Rhxd3 0-1

[Event "ch-RUS Blitz 2017"]
[Site "Sochi RUS"]
[Date "2017.10.02"]
[Round "13.1"]
[White "Artemiev, Vladislav"]
[Black "Sjugirov, Sanan"]
[Result "1-0"]
[WhiteTitle "GM"]
[BlackTitle "GM"]
[WhiteElo "2692"]
[BlackElo "2650"]
[WhiteFideId "24101605"]
[BlackFideId "4189302"]
[EventDate "2017.10.02"]
[EventType "blitz"]

1. c4 c6 2. d4 Nf6 3. Bf4 Qb6 4. b3 d6 5. Nc3 Bf5 6. Nf3 g6 7. e3 Qa5 8. Qd2 Bg7
9. Be2 Nbd7 10. O-O O-O 11. e4 Bg4 12. Be3 Qc7 13. h3 Bxf3 14. Bxf3 e5 15. d5 c5
16. a3 a6 17. Be2 Rfc8 18. b4 b6 19. Rfc1 Qd8 20. Rab1 h5 21. Rb2 Kh7 22. Rcb1
Ng8 23. bxc5 bxc5 24. Bd1 Rab8 25. Rb7 Rxb7 26. Rxb7 Rc7 27. Qb2 Qc8 28. Rb3 Bh6
29. Bxh6 Nxh6 30. Nb1 Ng8 31. Nd2 Ngf6 32. h4 Kg7 33. g3 Qh8 34. Qc3 Qh6 35. Qd3
Rc8 36. Nf3 Qh8 37. Ng5 Rb8 38. Qb1 Qc8 39. Rxb8 Qxb8 40. Qxb8 Nxb8 41. f4 Nbd7
42. Ba4 Nb6 43. Bb3 Nh7 44. Nf3 f6 45. Kf2 Nf8 46. a4 a5 47. Nd2 Nfd7 48. Nb1
Kf7 49. Nc3 Ke7 50. Nb5 Nb8 51. Nc7 N8d7 52. Kf3 Nf8 53. Nb5 Nfd7 54. Na7 Nb8
55. f5 Kf7 56. fxg6+ Kxg6 57. Nb5 Nc8 58. g4 Nd7 59. Kg3 hxg4 60. Kxg4 f5+ 61.
exf5+ Kh6 62. Bc2 Nf6+ 63. Kg3 Kh5 64. Bd1+ Kh6 65. Be2 Ne4+ 66. Kf3 Nf6 67. Bd1
Ne8 68. Nc3 Nb6 69. Be2 Nf6 70. Kg3 Nc8 71. Bf3 Nb6 72. Nb5 Nc8 73. Kf2 Ne8 74.
Ke3 Nb6 75. f6 Nxf6 76. Nxd6 Nxa4 77. Nf7+ Kg7 78. Nxe5 Nb6 79. d6 a4 80. Kd3
Nfd7 81. Nxd7 Nxd7 82. Kc3 Kf6 83. Bg4 Ne5 84. d7 Ke7 85. Bf5 a3 86. Kb3 Nxc4
87. h5 Nd6 88. h6 c4+ 89. Kxa3 Nf7 90. h7 Kd8 91. Kb4 Ke7 92. Kxc4 Nh8 93. Kd5
Nf7 94. Be6 Nh8 95. Ke5 Ng6+ 96. Kf5 Nh8 97. Kg5 Kxe6 98. d8=Q Nf7+ 99. Kh5 1-0

[Event "ch-RUS Blitz 2017"]
[Site "Sochi RUS"]
[Date "2017.10.02"]
[Round "13.2"]
[White "Zvjaginsev, Vadim"]
[Black "Andreikin, Dmitry"]
[Result "1-0"]
[WhiteTitle "GM"]
[BlackTitle "GM"]
[WhiteElo "2643"]
[BlackElo "2708"]
[WhiteFideId "4113403"]
[BlackFideId "4158814"]
[EventDate "2017.10.02"]
[EventType "blitz"]

1. e4 c5 2. Nf3 e6 3. Qe2 Nc6 4. c3 Nge7 5. d4 cxd4 6. cxd4 d5 7. Nc3 dxe4 8.
Qxe4 Nd5 9. Bd3 Bb4 10. Bd2 Nf6 11. Qh4 Be7 12. O-O Nb4 13. Bb1 Bd7 14. a3 Nbd5
15. Ne5 Bc6 16. Qh3 O-O 17. Re1 Qb6 18. Nxd5 exd5 19. Nxc6 bxc6 20. Rxe7 Qxd4
21. Bc3 Qd1+ 22. Re1 Qh5 23. Bxf6 Qxh3 24. gxh3 gxf6 25. Bf5 Rfb8 26. Re2 Rb6
27. Rc1 Rd8 28. b4 Kg7 29. Re7 a5 30. bxa5 Ra6 31. Rc5 Rda8 32. Kg2 Rxa5 33.
Rxc6 d4 34. Be6 Rg5+ 35. Kf1 Rxa3 36. Rxf7+ Kg6 37. Rfc7 d3 38. Bf7+ Kh6 39.
Rxf6+ Kg7 40. Ra6 Rc5 41. Rxa3 Rxc7 42. Bh5 Rc5 43. Bf3 d2 44. Rd3 Rf5 45. Ke2
Kh6 46. Rxd2 1-0

[Event "ch-RUS Blitz 2017"]
[Site "Sochi RUS"]
[Date "2017.10.02"]
[Round "13.3"]
[White "Khismatullin, Denis"]
[Black "Tsydypov, Zhamsaran"]
[Result "1-0"]
[WhiteTitle "GM"]
[BlackTitle "IM"]
[WhiteElo "2628"]
[BlackElo "2529"]
[WhiteFideId "4142578"]
[BlackFideId "4108566"]
[EventDate "2017.10.02"]
[EventType "blitz"]

1. Nf3 d5 2. g3 Nf6 3. Bg2 Bg4 4. c4 e6 5. cxd5 exd5 6. Qb3 Qc8 7. Nc3 c6 8. O-O
Be7 9. d3 O-O 10. Bf4 Nbd7 11. Rac1 Nc5 12. Qc2 a5 13. e4 dxe4 14. dxe4 Bh3 15.
e5 Bf5 16. exf6 Bxc2 17. fxe7 Re8 18. Rxc2 Nd3 19. Be3 Nb4 20. Rd2 Rxe7 21. Rfd1
Qf5 22. a3 Na6 23. Nd4 Qh5 24. Bf3 Qg6 25. Nb3 h6 26. Kg2 Nc7 27. Nc5 Ne6 28.
Nxe6 Qxe6 29. Rd6 Qf5 30. R1d2 Rae8 31. h3 Re6 32. Rd7 R6e7 33. R7d6 Rxe3 34.
fxe3 Rxe3 35. Rd8+ Kh7 36. Rf2 Qg6 37. Rd7 f5 38. Ne2 Rb3 39. Nd4 Rd3 40. Ne6
Qxe6 41. Rxd3 Qe5 42. Re2 Qb5 43. Rdd2 Qb6 44. Re7 Qb5 45. Rf2 Kg6 46. Re6+ Kf7
47. Rd6 Ke7 48. Rdd2 Kf6 49. Be2 Qb3 50. Bf3 g6 51. Rd6+ Kg7 52. Rfd2 h5 53. h4
Kh6 54. Re2 Qc4 55. Ree6 Qc2+ 56. Kh3 f4 57. Be4 1-0

[Event "ch-RUS Blitz 2017"]
[Site "Sochi RUS"]
[Date "2017.10.02"]
[Round "13.4"]
[White "Savchenko, Boris"]
[Black "Jakovenko, Dmitry"]
[Result "1/2-1/2"]
[WhiteTitle "GM"]
[BlackTitle "GM"]
[WhiteElo "2581"]
[BlackElo "2710"]
[WhiteFideId "4147332"]
[BlackFideId "4122356"]
[EventDate "2017.10.02"]
[EventType "blitz"]

1. e4 e5 2. Nf3 Nc6 3. Bc4 Bc5 4. c3 Nf6 5. d3 O-O 6. Bb3 d5 7. Qe2 a5 8. Bg5
dxe4 9. dxe4 h6 10. Bh4 a4 11. Bc4 Be7 12. Na3 Bxa3 13. bxa3 Qe7 14. O-O Be6 15.
Bd5 Ra5 16. c4 Bg4 17. Bxc6 bxc6 18. h3 Bxf3 19. Qxf3 g5 20. Bg3 Qe6 21. Rfd1
Kg7 22. Rac1 Re8 23. Rc2 Rc5 24. Qe2 Ra5 25. Kh1 Raa8 26. Rcd2 Rab8 27. Bh2 Rb6
28. f3 Reb8 29. Qe3 Nh5 30. Qc3 Nf4 31. Bg1 Rb1 32. Be3 Rxd1+ 33. Rxd1 Qe7 34.
Kh2 Kg6 35. g3 Nh5 36. Rd2 f6 37. Kg2 Rd8 38. Bf2 Ng7 39. Rxd8 Qxd8 40. Qc2 Qa8
41. Qd1 Qa6 42. Qd3 Qb7 43. Qd7 Qb2 44. Qxc6 Qxa3 45. c5 Qxa2 46. Qxc7 a3 47.
Qa7 Qb2 48. c6 a2 49. c7 a1=Q 1/2-1/2

[Event "ch-RUS Blitz 2017"]
[Site "Sochi RUS"]
[Date "2017.10.02"]
[Round "13.5"]
[White "Moskalenko, Alexander"]
[Black "Dubov, Daniil"]
[Result "0-1"]
[WhiteTitle "IM"]
[BlackTitle "GM"]
[WhiteElo "2531"]
[BlackElo "2666"]
[WhiteFideId "4155351"]
[BlackFideId "24126055"]
[EventDate "2017.10.02"]
[EventType "blitz"]

1. Nf3 c5 2. c4 Nc6 3. Nc3 g6 4. g3 Bg7 5. Bg2 d6 6. O-O e6 7. d3 Nge7 8. a3 O-O
9. Rb1 b6 10. Bg5 h6 11. Bd2 Bb7 12. Qc1 Kh7 13. b4 Qd7 14. e3 Rab8 15. Rd1 Ne5
16. Nxe5 Bxe5 17. Qc2 Bxg2 18. Kxg2 Bg7 19. Qa4 Qb7+ 20. Kg1 Nc6 21. f4 Nd4 22.
Ne4 f5 23. Nxd6 Qf3 24. Re1 Ne2+ 25. Rxe2 Qxe2 26. Qc2 a6 27. Re1 Qf3 28. Bc3
Rbd8 29. bxc5 bxc5 30. Bxg7 Kxg7 31. Qb2+ Kh7 32. e4 Rxd6 33. Qb7+ Kg8 34. Qe7
Qxd3 35. exf5 Qd4+ 36. Kg2 exf5 37. Re5 Rf7 38. Qe8+ Kg7 39. Qb8 Qd2+ 40. Kh3
Qd1 41. Qb2 Kh7 42. Re8 Qf1+ 43. Kh4 g5+ 44. fxg5 Rd4+ 0-1

[Event "ch-RUS Blitz 2017"]
[Site "Sochi RUS"]
[Date "2017.10.02"]
[Round "13.6"]
[White "Tomashevsky, Evgeny"]
[Black "Demidov, Mikhail"]
[Result "0-1"]
[WhiteTitle "GM"]
[BlackTitle "IM"]
[WhiteElo "2710"]
[BlackElo "2521"]
[WhiteFideId "4147235"]
[BlackFideId "4197143"]
[EventDate "2017.10.02"]
[EventType "blitz"]

1. Nf3 d5 2. g3 Nf6 3. Bg2 c6 4. O-O Bf5 5. c4 e6 6. Qb3 Qb6 7. d3 Nbd7 8. cxd5
Qxb3 9. axb3 exd5 10. Bd2 Be7 11. Nd4 Bg6 12. b4 O-O 13. Na3 Rfe8 14. Nac2 a6
15. h3 h6 16. f4 c5 17. bxc5 Bxc5 18. Kh2 Rac8 19. g4 Bh7 20. Bf3 Bd6 21. Kh1
Bg6 22. f5 Bh7 23. Rac1 Ne5 24. Bg2 Bc5 25. Bc3 Bb6 26. b3 Rxc3 0-1

[Event "ch-RUS Blitz 2017"]
[Site "Sochi RUS"]
[Date "2017.10.02"]
[Round "13.7"]
[White "Potkin, Vladimir"]
[Black "Pridorozhni, Aleksei"]
[Result "1-0"]
[WhiteTitle "GM"]
[BlackTitle "GM"]
[WhiteElo "2574"]
[BlackElo "2565"]
[WhiteFideId "4131061"]
[BlackFideId "4127870"]
[EventDate "2017.10.02"]
[EventType "blitz"]

1. c4 d6 2. Nf3 c6 3. Nc3 Bg4 4. e3 Nd7 5. h3 Bh5 6. d4 Ngf6 7. g4 Bg6 8. Nh4
Ne4 9. Nxg6 Nxc3 10. Qc2 hxg6 11. Qxc3 e6 12. Bg2 d5 13. Bd2 Be7 14. O-O-O dxc4
15. Qxc4 Nb6 16. Qb3 Qd7 17. Kb1 Bd6 18. e4 Bc7 19. Be3 O-O-O 20. a4 Kb8 21. a5
Nc8 22. a6 Nd6 23. d5 exd5 24. exd5 c5 25. Bxc5 Bb6 26. Bxb6 axb6 27. Qxb6 Qb5
28. Qxb5 Nxb5 29. axb7 Nd6 30. Rhe1 Rhe8 31. Rxe8 Rxe8 32. Kc2 Kxb7 33. Bf3 Kc7
34. Rd3 Re1 35. Rc3+ Kd7 36. Kd2 Rb1 37. Rc2 g5 38. Ke3 g6 39. Be2 Rh1 40. f3
Rxh3 41. b4 f5 42. Kd4 Rh1 43. Rb2 Ra1 44. b5 Ra4+ 45. Kc5 Nb7+ 46. Kb6 Nd6 47.
Rc2 Nc8+ 48. Kc5 Nd6 49. b6 Ra5+ 50. Kd4 Ra4+ 51. Ke5 Rb4 52. Rc7+ Kd8 53. Kxd6 1-0

[Event "ch-RUS Blitz 2017"]
[Site "Sochi RUS"]
[Date "2017.10.02"]
[Round "13.8"]
[White "Moiseenko, Vadim"]
[Black "Alekseev, Evgeny"]
[Result "0-1"]
[WhiteTitle "IM"]
[BlackTitle "GM"]
[WhiteElo "2558"]
[BlackElo "2622"]
[WhiteFideId "4123700"]
[BlackFideId "4138147"]
[EventDate "2017.10.02"]
[EventType "blitz"]

1. e4 c5 2. f4 e6 3. Nf3 Nc6 4. Bb5 Nge7 5. O-O a6 6. Be2 d5 7. d3 Ng6 8. c4
dxe4 9. dxe4 Qxd1 10. Rxd1 Nd4 11. Nxd4 cxd4 12. g3 e5 13. f5 Ne7 14. Nd2 Nc6
15. a3 a5 16. b3 f6 17. Bh5+ Ke7 18. Nf3 Rg8 19. Nh4 Bd7 20. Bd2 Be8 21. Be2 Kd7
22. Ng2 Bf7 23. Ne1 Be7 24. Rdc1 Rgc8 25. Nd3 Nd8 26. Kf2 b6 27. h3 Ke8 28. Nb2
Kf8 29. g4 Nb7 30. Na4 Rc6 31. h4 Nd6 32. g5 fxg5 33. Bf3 g4 34. Bg2 Bxh4+ 35.
Ke2 h5 36. Nxb6 Rxb6 37. c5 Rc6 38. cxd6 Rxd6 39. b4 a4 40. b5 Rb6 41. Rc5 Bf6
42. Rac1 Be8 43. Bb4 Be7 44. Rxe5 Bxb4 45. axb4 Rxb5 46. Rxb5 Bxb5+ 47. Kd2 a3
48. e5 Ra7 49. Bd5 h4 50. f6 gxf6 51. exf6 Bd7 52. b5 a2 53. Ra1 Bxb5 54. Rxa2
Rxa2+ 55. Bxa2 h3 56. Bd5 g3 57. Ke1 d3 0-1

[Event "ch-RUS Blitz 2017"]
[Site "Sochi RUS"]
[Date "2017.10.02"]
[Round "13.9"]
[White "Korotylev, Alexey"]
[Black "Dzhumagaliev, Yan"]
[Result "1-0"]
[WhiteTitle "GM"]
[BlackTitle "FM"]
[WhiteElo "2573"]
[BlackElo "2400"]
[WhiteFideId "4119142"]
[BlackFideId "24100110"]
[EventDate "2017.10.02"]
[EventType "blitz"]

1. Nf3 Nf6 2. c4 c5 3. g3 b6 4. Bg2 Bb7 5. O-O e6 6. b3 Be7 7. Bb2 O-O 8. e3 d5
9. Nc3 dxc4 10. bxc4 Nc6 11. Qe2 Rc8 12. d3 Qc7 13. Rfd1 Rfd8 14. Ne1 Na5 15.
Bxb7 Qxb7 16. f4 a6 17. a4 Nc6 18. g4 Ne8 19. g5 Nd6 20. Rab1 Nf5 21. Ne4 Nb4
22. Ng3 b5 23. axb5 axb5 24. Nxf5 exf5 25. cxb5 Qxb5 26. Ba1 Qa6 27. h4 Qe6 28.
Kf2 Ra8 29. Rd2 Ra3 30. Rbd1 Rda8 31. Bb2 Rb3 32. Nf3 Ra2 33. Ne5 f6 34. Nc4 Nd5
35. Ba1 Rxd2 36. Rxd2 Rb1 37. Ra2 Rb8 38. Ra3 Nb4 39. Bc3 Nd5 40. Be1 Re8 41.
Qa2 fxg5 42. hxg5 Nb4 43. Bxb4 cxb4 44. Ra6 Qd5 45. Qb3 Bc5 46. d4 Bf8 47. Nd2
Qxb3 48. Nxb3 Rc8 49. Ke2 Rc2+ 50. Kd1 Rc3 51. Nc5 Bxc5 52. dxc5 Rxc5 53. Rb6
Rc3 54. Kd2 Rb3 55. Rb7 Rb2+ 56. Kd3 Rb1 57. Kd4 b3 58. Ke5 h5 59. g6 Kf8 60.
Ke6 1-0